000 00200nam a22000857a 4500
020 _a9789945800524
245 0 _aTovar Retrospectivo
264 _aSanto Domingo :
_bE-Graf,
_c2023.
300 _a319 Páginas ;
999 _c58825
_d58825